US National Security (Record no. 16261)
[ view plain ]
| 000 -LEADER | |
|---|---|
| fixed length control field | 00525nam a22001817a 4500 |
| 003 - CONTROL NUMBER IDENTIFIER | |
| control field | OSt |
| 005 - DATE AND TIME OF LATEST TRANSACTION | |
| control field | 20170105102936.0 |
| 020 ## - INTERNATIONAL STANDARD BOOK NUMBER | |
| International Standard Book Number | 355.033073 |
| 040 ## - CATALOGING SOURCE | |
| Original cataloging agency | 0 |
| 082 ## - DEWEY DECIMAL CLASSIFICATION NUMBER | |
| Classification number | 355.033073 |
| Author Mark | SAR 2008 |
| 100 ## - MAIN ENTRY--PERSONAL NAME | |
| Personal name | Sarkesian, Sam C |
| 245 ## - TITLE STATEMENT | |
| Title | US National Security |
| Remainder of title | Policymakers, Processes and Politics |
| Statement of responsibility, etc. | Sam C. Sarkesian |
| 250 ## - EDITION STATEMENT | |
| Edition statement | 4th |
| 260 ## - PUBLICATION, DISTRIBUTION, ETC. | |
| Place of publication, distribution, etc. | New Delhi |
| Name of publisher, distributor, etc. | Viva Books |
| Date of publication, distribution, etc. | 2008 |
| 300 ## - PHYSICAL DESCRIPTION | |
| Extent | x,331p |
| 651 ## - SUBJECT ADDED ENTRY--GEOGRAPHIC NAME | |
| Geographic name | The National Security Establishment, The National security System and the policy process |
| 942 ## - ADDED ENTRY ELEMENTS (KOHA) | |
| Source of classification or shelving scheme | |
| Koha item type | Book |
| Withdrawn status | Lost status | Damaged status | Not for loan | Collection code | Permanent Location | Current Location | Shelving location | Date acquired | Total Checkouts | Full call number | Barcode | Date last seen | Price effective from | Koha item type |
|---|---|---|---|---|---|---|---|---|---|---|---|---|---|---|
| Centre for International Peace & Stability (CIPS) | Centre for International Peace & Stability (CIPS) | General Stacks | 03/14/2016 | 355.033073 SAR 2008 | CIPS0002786 | 03/14/2016 | 03/14/2016 | Book |
